000 00652nam a2200205Ia 4500
003 GCL
008 140319s9999 xx 000 0 ara d
040 _aGCL /
_cGCL
082 0 4 _a252
_bا ك
100 1 _aابى عبدالرحمن احمد بن شعيب
245 1 0 _aكتاب الجمعة /
_cابى عبدالرحمن احمد بن شعيب
700 1 _aابوهاجر محمد السعيد بن بسيونى
260 _a[S.N] :
_bدار الجيل ،
_c1988
300 _a130 ص
490 _a
650 0 4 _aالشريعة الاسلامية
650 0 4 _aالفقه الاسلامى
650 0 4 _aالعبادات
942 _2ddc
_cBK
999 _c29640
_d29640